V Davose rezonovala Európa

Svetové ekonomické fórum v Davose. Požiadavky britského premiéra D. Camerona. Merkelovej návrh paktu. Transatlantická integrácia. Povinné dane pre všetkých podnikateľov v Británii.

Guardado en:
Detalles Bibliográficos
Autor principal: Pressburg, Adrian Peter
Formato: Capítulo de libro
Lenguaje:eslovaco
Materias:
Etiquetas: Agregar Etiqueta
Sin Etiquetas, Sea el primero en etiquetar este registro!

MARC

LEADER 00000naa a2200000 4500
001 0165409
005 20231113080745.5
041 0 |a slo 
044 |a SK 
245 1 0 |a V Davose rezonovala Európa  |c Adrian Peter Pressburg 
520 |a Svetové ekonomické fórum v Davose. Požiadavky britského premiéra D. Camerona. Merkelovej návrh paktu. Transatlantická integrácia. Povinné dane pre všetkých podnikateľov v Británii. 
610 2 0 |a Európska únia 
610 2 0 |a politika medzinárodná 
610 2 0 |a referendum 
610 2 0 |a reformy 
610 2 0 |a integrácia ekonomická medzinárodná 
610 2 0 |a dane 
610 2 0 |a konkurencieschopnosť 
610 2 0 |a Veľká Británia 
100 1 |a Pressburg, Adrian Peter